Sir John Woodroffe & Syed Amir Ali's Law of evidence / (Record no. 617)

MARC details
000 -LEADER
fixed length control field 02276cam a2200481 a 4500
001 - CONTROL NUMBER
control field 15727422
003 - CONTROL NUMBER IDENTIFIER
control field OSt
005 - DATE AND TIME OF LATEST TRANSACTION
control field 20110426133557.0
008 - FIXED-LENGTH DATA ELEMENTS--GENERAL INFORMATION
fixed length control field 090506s2009 ii l 001 0 eng
010 ## - LIBRARY OF CONGRESS CONTROL NUMBER
LC control number 2009311417
020 ## - INTERNATIONAL STANDARD BOOK NUMBER
International Standard Book Number 9788180385636 (set)
025 ## - OVERSEAS ACQUISITION NUMBER
Overseas acquisition number I-E-2009-311417; 73-91
037 ## - SOURCE OF ACQUISITION
Source of stock number/acquisition Library of Congress -- New Delhi Overseas Office
Terms of availability Rs6995.00 (Set)
040 ## - CATALOGING SOURCE
Original cataloging agency DLC
Transcribing agency DLC
Modifying agency DLC
042 ## - AUTHENTICATION CODE
Authentication code lcode
043 ## - GEOGRAPHIC AREA CODE
Geographic area code a-ii---
050 00 - LIBRARY OF CONGRESS CALL NUMBER
Classification number KNS3647
Item number .W66 2009
082 ## - DEWEY DECIMAL CLASSIFICATION NUMBER
Edition number 22
Classification number 347.06 RAO
100 1# - MAIN ENTRY--PERSONAL NAME
Personal name Woodroffe, John George,
Titles and other words associated with a name Sir,
Dates associated with a name 1865-1936.
9 (RLIN) 1788
240 10 - UNIFORM TITLE
Uniform title <a href="Law of evidence">Law of evidence</a>
245 10 - TITLE STATEMENT
Title Sir John Woodroffe & Syed Amir Ali's Law of evidence /
Statement of responsibility, etc [edited by] V. Kesava Rao.
246 3# - VARYING FORM OF TITLE
Title proper/short title Sir John Woodroffe and Syed Amir Ali's Law of evidence
246 30 - VARYING FORM OF TITLE
Title proper/short title Law of evidence
250 ## - EDITION STATEMENT
Edition statement 18th ed.
260 ## - PUBLICATION, DISTRIBUTION, ETC. (IMPRINT)
Place of publication, distribution, etc New Delhi :
Name of publisher, distributor, etc LexisNexis Butterworths Wadhwa Nagpur,
Date of publication, distribution, etc 2009.
300 ## - PHYSICAL DESCRIPTION
Extent 4 v. (cxxxvii, 6650 p.) ;
Dimensions 24 cm.
500 ## - GENERAL NOTE
General note Includes indexes.
505 0# - FORMATTED CONTENTS NOTE
Formatted contents note v. 1. Sections 1-24 -- v. 2. Sections 25-90A -- v. 3. Sections 91-114A -- v. 4. Sections 115-167.
650 #0 - SUBJECT ADDED ENTRY--TOPICAL TERM
Topical term or geographic name as entry element Evidence (Law)
Geographic subdivision India.
9 (RLIN) 1789
700 1# - ADDED ENTRY--PERSONAL NAME
Personal name Ali, Syed Ameer,
Dates associated with a name 1849-1928.
9 (RLIN) 1790
700 1# - ADDED ENTRY--PERSONAL NAME
Personal name Kesava Rao, V.
9 (RLIN) 1791
906 ## - LOCAL DATA ELEMENT F, LDF (RLIN)
a 7
b cbc
c origode
d 2
e ncip
f 20
g y-gencatlg
942 ## - ADDED ENTRY ELEMENTS (KOHA)
Source of classification or shelving scheme Dewey Decimal Classification
Koha item type Books
Holdings
Withdrawn status Lost status Source of classification or shelving scheme Damaged status Not for loan Home library Current library Shelving location Date acquired Total Checkouts Full call number Barcode Date last seen Price effective from Koha item type
    Dewey Decimal Classification     Law Development Centre Main Library Law Development Centre Main Library Text Books and Laws 04/26/2011   347.06 RAO 010/264 04/26/2011 04/26/2011 Books
    Dewey Decimal Classification     Law Development Centre Main Library Law Development Centre Main Library Text Books and Laws 04/26/2011   347.06 RAO 010/265 04/26/2011 04/26/2011 Books
    Dewey Decimal Classification     Law Development Centre Main Library Law Development Centre Main Library Text Books and Laws 04/26/2011   347.06 RAO 010/266 04/26/2011 04/26/2011 Books
    Dewey Decimal Classification     Law Development Centre Main Library Law Development Centre Main Library Text Books and Laws 04/26/2011   347.06 RAO 010/267 04/26/2011 04/26/2011 Books
    Dewey Decimal Classification     Law Development Centre Main Library Law Development Centre Main Library Text Books and Laws 04/26/2011   347.06 RAO 010/268 04/26/2011 04/26/2011 Books
    Dewey Decimal Classification     Law Development Centre Main Library Law Development Centre Main Library Text Books and Laws 04/26/2011   347.06 RAO 010/269 04/26/2011 04/26/2011 Books
    Dewey Decimal Classification     Law Development Centre Main Library Law Development Centre Main Library Text Books and Laws 04/26/2011   347.06 RAO 010/270 04/26/2011 04/26/2011 Books
    Dewey Decimal Classification     Law Development Centre Main Library Law Development Centre Main Library Text Books and Laws 04/26/2011   347.06 RAO 010/271 04/26/2011 04/26/2011 Books